Atatürk'ün maarife ait direktifleri (Record no. 2008)

MARC details
000 -BAŞLIK
Sabit Uzunlukta Kontrol Alanı 00703na a2200229 4500
001 - KONTROL NUMARASI
Denetim Alanı 19765
003 - KONTROL NUMARASI IDENTIFIER
Denetim Alanı MIRAKIL
005 - SON İŞLEM TARİHİ VE ZAMANI
Denetim Alanı 20181213154842.0
008 - SABİT-BOY VERİ ELEMANLARI - GENEL BİLGİLER
Sabit Uzunlukta Kontrol Alanı 161226b tu 000 0
035 ## - SİSTEM KONTROL NUMARASI
Sistem Kontrol Numarası 19765
040 ## - KATALOGLAMA KAYNAK
Orijinal Kataloglama Ajansı Milas
Kataloglama Dili tur
Metne Dönüştürmek Ajansı TR-AnCHP
041 ## - DİL KODU
Metin / Ses Parça Veya Ayrı Başlığın Dil Kodu tur
082 ## - DEWEY ONLU SINIFLANDIRMA NUMARASI
Sınıflandırma Numarası ATA 370.9561
Ürün Numarası A72a 1939
090 ## - SINIFLAMA NUMARASI
Sınıflama Numarası ATA 370.9561 A72a 1939
100 ## - ANA GİRİŞ - KİŞİSEL İSİM
Kişisel Ad Atatürk, Mustafa Kemal
Bir Adıyla İlişkilendirilen Tarihler 1881-1938
245 ## - BAŞLIK TABLOSU
Başlık Atatürk'ün maarife ait direktifleri
Sorumluluk Tablosu, Vb Mustafa Kemal Atatürk
260 ## - YAYIN, DAĞITIM, VB
Yayın, Dağıtım, Vb Yeri Ankara
Yayıncı, Dağıtıcı, Vs Adı Milli Eğitim Bakanlığı
Yayın, Dağıtım, Vb Tarihi 1939
300 ## - FİZİKSEL TANIM
Kapsam 42 s.
Boyutlar 24 sm.
600 ## - KONU KATMA GİRİŞ - KURUMSAL ADI
Kişisel Ad Atatürk, Mustafa Kemal
Bir Adıyla İlişkilendirilen Tarihler 1881-1938
Genel Alt Bölümü Eğitim
Kronolojik Alt Bölümü Söylev ve demeçler
650 ## - KONU KATMA GİRİŞ - TOPİKAL DÖNEM
Topikal Süreli Veya Coğrafi Ad Giriş Elemanı Eğitim politikaları
Coğrafi Alt Bölümü Türkiye
942 ## - EKLENDİ GİRİŞ ELEMANLARI (KOHA)
Sınıflandırma Veya Raf Düzeni Kaynak
Koha Öğesi Türü Books
999 ## - SİSTEM KONTROL NUMARALARI (KOHA)
Koha Biblionumber 2008
Koha Biblioitemnumber 2008
Holdings
Kalıcı Konum Mevcut Konum Edinme Tarihi Edinim Kaynak Toplam Check-Out'Lar Tam Çağrı Numarası Barkod Tarih Son Görülme İtibaren Geçerli Fiyatlar Koha Öğesi Türü
CHP Kütüphanesi CHP Kütüphanesi 12/26/2016 Bağış   ATA 370.9561 A72a 1939 010300 12/26/2016 12/26/2016 Books